[Event "Mumbai Wealth rating op 4th"]
[Site "Mumbai"]
[Date "2019.01.06"]
[Round "8"]
[White "Joglekar, Abhijit"]
[Black "Bharadia, Yash"]
[Result "0-1"]
[WhiteElo "1692"]
[BlackElo "1559"]
[PlyCount "138"]
[EventDate "2018.12.30"]
[EventType "swiss"]
[EventRounds "9"]
[EventCountry "IND"]
[SourceTitle "CBM 188 Extra"]
[Source "ChessBase"]
[SourceDate "2019.02.28"]
[SourceVersion "1"]
[SourceVersionDate "2019.02.28"]
[SourceQuality "1"]

1. e4 e5 2. Nf3 Nc6 3. Bb5 a6 4. Ba4 Nf6 5. 0-0 Be7 6. Re1 b5 7. Bb3 d6 8. c3 Na5 9. Bc2 c5 10. d4 Qc7 11. h3 0-0 12. Nbd2 Re8 13. Nf1 cxd4 14. cxd4 exd4 15. Nxd4 d5 16. e5 Bb4 17. Re2 Nd7 18. e6 Nf6 19. exf7+ Qxf7 20. Ne3 Bd7 21. a3 Bd6 22. b3 Ne4 23. Qe1 Nc6 24. Bb2 Nxd4 25. Bxd4 Qf4 26. Nf1 Ng5 27. Rxe8+ Rxe8 28. Qd2 Qxd2 29. Nxd2 Bf4 30. Bc3 Rc8 31. Rc1 Rxc3 32. Bxh7+ Nxh7 33. Rxc3 Bxd2 34. Rd3 Bc1 35. Rxd5 Nf6 36. Rd6 Bxa3 37. Rxa6 b4 38. Rd6 Kf7 39. Kf1 Be6 40. Rd3 Bb2 41. g4 Bc3 42. f4 Bxb3 43. Rd8 Bc4+ 44. Kf2 b3 45. g5 b2 46. Rb8 Ne4+ 47. Ke3 Nd2 48. Rb7+ Kg8 49. Rxb2 Nf1+ 50. Ke4 Bxb2 51. Kf5 Bd3+ 52. Kg4 g6 53. h4 Be2+ 54. Kh3 Bc1 55. Kg2 Bxf4 56. Kf2 Bd3 57. Kf3 Bg3 58. Kg4 Bf5+ 59. Kf3 Bxh4 60. Kg2 Ne3+ 61. Kf3 Bxg5 62. Kf2 Bf4 63. Kf3 g5 64. Kf2 g4 65. Kg1 g3 66. Kh1 Bh3 67. Kg1 Ng4 68. Kh1 g2+ 69. Kg1 Bh2# 0-1

[Event "Thane ARMS op 1st"]
[Site "Thane"]
[Date "2018.04.22"]
[Round "7"]
[White "Kathmale, Sameer"]
[Black "Joglekar, Abhijit"]
[Result "1-0"]
[WhiteElo "2240"]
[BlackElo "1545"]
[PlyCount "63"]
[EventDate "2018.04.21"]
[EventType "swiss (rapid)"]
[EventRounds "9"]
[EventCountry "IND"]
[SourceTitle "CBM 184 Extra"]
[Source "ChessBase"]
[SourceDate "2018.06.28"]
[SourceVersion "1"]
[SourceVersionDate "2018.06.28"]
[SourceQuality "1"]

1. e4 e5 2. Nc3 Nf6 3. g3 c6 4. Nf3 d6 5. Bg2 Be7 6. 0-0 0-0 7. d4 Nbd7 8. b3 exd4 9. Nxd4 Nc5 10. Bb2 Bg4 11. f3 Bd7 12. f4 Re8 13. Qd2 Bf8 14. Rae1 Qc8 15. Nf3 Ng4 16. e5 dxe5 17. fxe5 Be6 18. Ng5 Qc7 19. Qf4 Nh6 20. Kh1 Rad8 21. b4 Nd7 22. a3 Nb6 23. Nce4 Nd5 24. Qh4 a5 25. c4 Nb6 26. Nxe6 Rxe6 27. Ng5 Ree8 28. Rxf7 Rd7 29. e6 Rde7 30. Qe4 g6 31. Qd4 Nxf7 32. exf7+ 1-0

[Event "Mumbai Wealth op 3rd"]
[Site "Mumbai"]
[Date "2018.01.04"]
[Round "6"]
[White "Saksham, Rautela"]
[Black "Joglekar, Abhijit"]
[Result "1-0"]
[WhiteElo "1903"]
[BlackElo "1617"]
[PlyCount "83"]
[EventDate "2017.12.30"]
[EventType "swiss"]
[EventRounds "9"]
[EventCountry "IND"]
[SourceTitle "CBM 182 Extra"]
[Source "ChessBase"]
[SourceDate "2018.02.23"]
[SourceVersion "1"]
[SourceVersionDate "2018.02.23"]
[SourceQuality "1"]

1. e4 c5 2. Nf3 Nc6 3. d4 cxd4 4. Nxd4 Nf6 5. Nc3 e5 6. Ndb5 d6 7. Bg5 a6 8. Na3 b5 9. Nd5 Be7 10. Bxf6 Bxf6 11. c3 0-0 12. Be2 Bg5 13. Nc2 Ne7 14. 0-0 Nxd5 15. exd5 f5 16. a4 bxa4 17. Rxa4 Bb7 18. Na3 Rf6 19. Qb3 Bc8 20. Nc4 Bd7 21. Ra5 Bb5 22. Rfa1 Rc8 23. Bf1 Rh6 24. Qb4 Bf4 25. g3 e4 26. Ne3 Qg5 27. Ng2 Bxf1 28. Kxf1 Rxh2 29. Nxf4 Qg4 30. Kg1 g5 31. Kxh2 gxf4 32. Qxd6 Qh5+ 33. Kg1 f3 34. Qe6+ Kg7 35. Qd7+ Kf6 36. Rxa6+ Rc6 37. Rxc6+ Kg5 38. Qg7+ Qg6 39. Rxg6+ hxg6 40. Qe7+ Kh6 41. Ra7 e3 42. Qh4# 1-0

[Event "Mumbai Wealth op"]
[Site "Mumbai"]
[Date "2016.02.02"]
[Round "6"]
[White "Kulkarni, Vinayak"]
[Black "Joglekar, Abhijit"]
[Result "0-1"]
[WhiteElo "2043"]
[BlackElo "1696"]
[PlyCount "114"]
[EventDate "2016.01.28"]
[EventType "swiss"]
[EventRounds "9"]
[EventCountry "IND"]
[SourceTitle "CBM 170 Extra"]
[Source "ChessBase"]
[SourceDate "2016.02.25"]
[SourceVersion "1"]
[SourceVersionDate "2016.02.25"]
[SourceQuality "1"]

1. d4 Nf6 2. c4 e6 3. Nc3 d5 4. cxd5 exd5 5. Bg5 Nbd7 6. e3 Be7 7. Bd3 0-0 8. Nge2 Re8 9. 0-0 Nf8 10. b4 Ne6 11. Bxf6 Bxf6 12. Qc2 g6 13. b5 Qd6 14. Rac1 Bd7 15. Na4 Rec8 16. Nc5 Rab8 17. Qb3 Bg5 18. Rc2 Be8 19. Rfc1 c6 20. bxc6 bxc6 21. Qa4 Nxc5 22. Rxc5 Bd8 23. Ba6 Rc7 24. Qc2 Re7 25. Qd3 Bb6 26. R5c2 Bc7 27. Ng3 h5 28. Qd2 Rb6 29. Bd3 Bd7 30. Nf1 Qf6 31. f3 h4 32. Qf2 h3 33. g3 Qg5 34. e4 Bf4 35. Re1 dxe4 36. fxe4 Bc7 37. Nd2 Rb4 38. Nf3 Qh5 39. Bc4 Bb6 40. Qd2 Qxf3 41. Bxf7+ Rxf7 42. Qxb4 Qf6 43. Rd2 Be6 44. a4 Qd8 45. Rf1 Ba5 46. Qb2 Rxf1+ 47. Kxf1 Bxd2 48. Qxd2 Qf6+ 49. Ke1 Qf3 50. Qg5 Qxe4+ 51. Kd2 Qxd4+ 52. Kc2 Qc4+ 53. Kb2 Qb3+ 54. Kc1 Qc3+ 55. Kd1 Bb3+ 56. Ke2 Qc2+ 57. Ke1 Qe4+ 0-1

[Event "Mumbai Wealth op"]
[Site "Mumbai"]
[Date "2016.01.28"]
[Round "1"]
[White "Joglekar, Abhijit"]
[Black "Gusain, Himal"]
[Result "0-1"]
[WhiteElo "1696"]
[BlackElo "2335"]
[PlyCount "120"]
[EventDate "2016.01.28"]
[EventType "swiss"]
[EventRounds "9"]
[EventCountry "IND"]
[SourceTitle "CBM 170 Extra"]
[Source "ChessBase"]
[SourceDate "2016.02.25"]
[SourceVersion "1"]
[SourceVersionDate "2016.02.25"]
[SourceQuality "1"]

1. d4 Nf6 2. c4 c5 3. d5 e6 4. Nc3 exd5 5. cxd5 d6 6. Nf3 g6 7. Bg5 h6 8. Bh4 Bg7 9. e3 a6 10. Bd3 b5 11. a3 0-0 12. Bc2 Bb7 13. Rb1 Qb6 14. 0-0 Nbd7 15. Bg3 Nh5 16. Nh4 Nxg3 17. hxg3 Rfe8 18. Qd2 a5 19. e4 Rac8 20. Kh1 c4 21. f4 b4 22. Na4 Qd4 23. Nf3 Qxd2 24. Nxd2 Ba6 25. Rf3 Bb5 26. axb4 axb4 27. b3 Bxa4 28. bxa4 b3 29. Nxb3 cxb3 30. Bxb3 Rxe4 31. a5 Nc5 32. Bc2 Rc4 33. Bb3 Rb4 34. Bc2 Rxb1+ 35. Bxb1 Bb2 36. f5 g5 37. Rf2 Bc3 38. Ra2 Ra8 39. Bc2 Kg7 40. g4 Rxa5 41. Bb1 Rxa2 42. Bxa2 Kf6 43. Kh2 Be1 44. g3 Ne4 45. Kg2 Ke5 46. Kf3 Bxg3 47. Ke3 Nc3 48. Bb3 Nxd5+ 49. Kf3 Be1 50. Bc2 f6 51. Bd3 Nf4 52. Bf1 Bd2 53. Bb5 d5 54. Ba6 Kd4 55. Bf1 Kc3 56. Ba6 Bc1 57. Bb5 Kd2 58. Ba6 Ke1 59. Bb5 d4 60. Ke4 d3 0-1

[Event "Mumbai Mayors Cup 4th"]
[Site "Mumbai"]
[Date "2011.09.16"]
[Round "1"]
[White "Joglekar, Abhijit"]
[Black "Murshed, Niaz"]
[Result "0-1"]
[WhiteElo "1782"]
[BlackElo "2442"]
[PlyCount "64"]
[EventDate "2011.09.16"]
[EventType "swiss"]
[EventRounds "11"]
[EventCountry "IND"]
[SourceTitle "CBM 144 Extra"]
[Source "ChessBase"]
[SourceDate "2011.10.28"]
[SourceVersion "1"]
[SourceVersionDate "2011.10.28"]
[SourceQuality "1"]

1. d4 Nf6 2. c4 e6 3. Nc3 Bb4 4. Qc2 b6 5. Bg5 Bb7 6. f3 h6 7. Bh4 d5 8. cxd5 exd5 9. e3 0-0 10. Bd3 Re8 11. Bf2 c5 12. Nge2 Nc6 13. 0-0 cxd4 14. exd4 a6 15. a3 Bd6 16. b4 Rc8 17. Qd2 b5 18. Nc1 Qc7 19. g3 Nb8 20. N3e2 Nbd7 21. Nb3 Nb6 22. Nc5 Nc4 23. Qc1 Re7 24. Nc3 Rce8 25. Ra2 Nh7 26. f4 Nf6 27. Re2 Bxc5 28. dxc5 d4 29. Rxe7 Rxe7 30. Bxd4 Qc6 31. Ne4 Nxe4 32. Re1 Ng5 0-1